Polish Rock Bands by Picture - Statistics

General Stats
  • This quiz has been taken 26 times
  • The average score is 22 of 39
Answer Stats
Picture Hint Answer % Correct
Makumba Big Cyc
95%
Wehikuł czasu Dżem
95%
Długość dźwięku samotności Myslovitz
95%
Biała armia Bajm
86%
Skrzydlate ręce Enej
86%
Zamki na piasku Lady Pank
86%
Dzieci wybiegły Elektryczne Gitary
77%
Zanim pójdę Happysad
77%
Biała flaga Republika
77%
Warszawa T.Love
77%
Urke Wilki
77%
Kocham cię jak Irlandię Kobranocka
73%
Kołysanka dla nieznajomej Perfect
73%
Gdy nie ma dzieci Kult
68%
Krakowski spleen Maanam
68%
Takie tango Budka Suflera
59%
Kocham wolność Chłopcy z Placu Broni
59%
Mój jest ten kawałek podłogi Mr Z'OOB
59%
Oddział Oddział Zamknięty
59%
Wszystko mi mówi, że mnie ktoś pokochał Skaldowie
59%
Piła tango Strachy na Lachy
59%
Awinion Akcenty / KOMBI
55%
Moja i twoja nadzieja Hey
55%
Ezoteryczny Poznań Pidżama Porno
55%
Płoną góry, płoną lasy Czerwone Gitary
50%
Jedwab Róże Europy
50%
Kiedy byłem małym chłopcem Breakout
45%
Los cebula i krokodyle łzy Coma
45%
Przeżyj to sam Lombard
45%
Wojenka Lao Che
41%
Wieża radości, wieża samotności Sztywny Pal Azji
41%
AUTYSTYCZNY Luxtorpeda
36%
Oprócz błękitnego nieba Golden Life
32%
Nadzieja iRA
23%
Alien TSA
23%
Piosenka księżycowa Varius Manx
23%
Memento z banalnym SBB
14%
Niezwyciężony Armia
9%
Nie bądź taki szybki Bill Czerwono-Czarni
9%
No matching quizzes found
Score Distribution
Percent of People with Each Score
Percentile by Number Answered
Your Score History
You have not taken this quiz